Toàn tập UCP : Quy tắc và thực hành thống nhất tín dụng chứng từ = The uniform customs and practice for documentary credits

Spremljeno u:
Bibliografski detalji
Glavni autor: Nguyễn, Trọng Thùy
Format: Knjiga
Jezik:Undetermined
Izdano: Hà Nội Thống kê 2003
Teme:
Oznake: Dodaj oznaku
Bez oznaka, Budi prvi tko označuje ovaj zapis!
Thư viện lưu trữ: Trung tâm Học liệu Trường Đại học Cần Thơ
LEADER 00678nam a2200205Ia 4500
001 CTU_64948
008 210402s9999 xx 000 0 und d
020 |c 68000 
082 |a 332.74 
082 |b Th523 
100 |a Nguyễn, Trọng Thùy 
245 0 |a Toàn tập UCP : 
245 0 |b Quy tắc và thực hành thống nhất tín dụng chứng từ = The uniform customs and practice for documentary credits 
245 0 |c Nguyễn Trọng Thùy 
260 |a Hà Nội 
260 |b Thống kê 
260 |c 2003 
650 |a Documentary credit 
904 |i TUYẾN,Hải 
980 |a Trung tâm Học liệu Trường Đại học Cần Thơ